000 00406cam a2200145ua 4500
041 _aeng
_h
082 _a828.09
_bWEI/HI
100 _aWeinberg, Bernard .
245 _aHistory of literary criticism in the Italian renaissance vol-1 /
_cBernard weinberg.
_hTextual Documents
260 _aChicago :
_bUniversity press ,
_c1961.
300 _a634 ; .
504 _a
942 _cBK
999 _c5336
_d5336